1718 1940 1281 1349 1324 1481 1043 1995 1637 1084 1208 1923 1904 1789 1899 1311 1453 1698 1623 1018 1331 1060 1861 1712 1162 1375 1690 1741 1321 1595 1567 1835 1155 1755 1580 1726 1273 1286 1843 1631 1795 1375 1305 1078 1645 1845 1579 1231 1212 1513 1759 1703 1026 1165 1988 1874 1803 1266 1364 1733 1017 1220 1256 1330 1438 1260 1083 1228 1953 1979 1189 1721 1100 1099 1331 1474 1409 1944 1146 1133 1117 1780 1357 1310 1402 1248 1139 1583 1956 1705 1514 1635 1872 1588 1854 1602 1114 1171 1390 BCNSPRNW ULIB Ver.6.0+V

เปลี่ยนเป็นภาษาไทย

Change to English
 แสดงรายละเอียดบรรณานุกรม
  กลับหน้าหลัก

Brief Record : Get Marc (ISO 2709) : E-mail record : QR code < ปิดหน้าต่าง
LEADER : 00000nam 2200000uu 4500
001    13399124961
003     ULIB
008    160526s2558||||th 000 0 tha d
020    ^a9786169161530
060  4 ^aWS280^bพ791
245 00 ^aPediatric Critical Care :^bThe Essentials /^cบรรณาธิการ, ดุสิต สถาวร.
246 30 ^aThe Essentials
250    ^aพิมพ์ครั้งที่ 1
260    ^aกรุงเทพฯ :^bชมรมโรคระบบหายใจและเวชบำบัดวิกฤตในเด็กแห่งประเทศไทย,^c2558
300    ^a302 หน้า :^bภาพประกอบ, แผนภูมิ ;^c27 ซม
505 0  ^a-- Introduction ... TPRC 2015 and Beyond: What^'s the new direction ... Pediatric Critical Care 2014 - 15: Year-in-review -- Respiratory Critical Care ... Respiratory Physiology Review ... Pediatric Respiratory Failure: Inital Management & Stabilization ... Monitoring & Weaning off Ventilatory Support ... Managing Difficult Cases of Pneumonia ... Lung Recruitment & PEEP Titration: How & When? ... Managing Severe Asthma: How do we manage in the ICU setting ... Management to Refractory Hypoxemia in ARDS ... Lung Protective Ventilation Management in ARDS ... Patient Ventilator Dyssynchrony ... How to Manage Hypercapnia ... Using Non-invasive Ventilation for PICU Patients ... Oxygen Supplementation, Humidity and Aerosol Therapy for Non-invasive Ventilation in PICU ... Pracitcal Use of Noninvasive Positive Pressure Ventilation (NPPV) & Its Interface -- Severe Sepsis and Septic Shock ... Severe Dengue Infection: What^'s new from ID perspective? ... Multiple Organ Dysfunction and Organ Support in Severe Dengue Infection ... Using Colloids for Pediatric Resuscitation: When & How? ... Using Inotropes & Vasoactive Agents in Pediatric Septic Shock ... When to Consider New Inotropes and Vasoactive Agents in Pediatric Septic Shock ... Why EGDT for pediatric septic shock may not be as promising as it used to be? ... EGDT for Pediatric Septic Shock: Evidence-based approach ... What is the new direction of SSC? -- Neuro Critical Care ... Role of Continuous Infusion of Sedatives and Analgesics in Pediatric ICU ... Ssdatives and Analgesics for Pediatric ICU Patients: Evidence-based approach ... Post-arrest Resuscitation & Stabilization ... Role of Therapeutic Hypothermia after Cardiac Arrest ... What to do when the medical support for cardiac function are faiking -- Critical Care Ultrasound ... Ultrasound in Critical Care: Basic Principle ... Ultrasound Guide Vascular Access ... Lung Ultrasound in Pediatric Critical Care ... Abdominal Ultrasound in Critical Care
650  7 ^aการดูแลขั้นวิกฤต^xในวัยทารกและเด็ก
650  7 ^aภาวะฉุกเฉิน^xในวัยทารกและเด็ก
650  7 ^aทางเดินหายใจ^xโรค^xในวัยทารกและเด็ก^xการรักษา
700 0  ^aดุสิต สถาวร,^eบรรณาธิการ
700 0  ^aเฉลิมไทย เอกศิลป์,^eบรรณาธิการ
700 0  ^aรุจิภัตต์ สำราญสำรวจกิจ,^eบรรณาธิการ
945    ^p400^l0^i23646
945    ^p400^l0^i23647
999    ^aทศพร เกษรทอง
รายการนี้ยังไม่มีแท็ก
คุณยังไม่ได้ล็อกอิน คุณสามารถมีกิจกรรมร่วมกับเว็บไซต์ได้ แต่ต้องล็อกอินก่อน ::
  ล็อกอิน

รายการสื่อสารสนเทศ

ลำดับที่ ประเภท เลขเรียก/บาร์โค้ด สถานที่ สถานะ
1. วิทยาศาสตร์การแพทย์ และสุขภาพ
วิทยาศาสตร์การแพทย์ และสุขภาพ
สถานะ=หนังสือเก่า
WS280 พ791 ฉ.1 
  Barcode: 23646
ห้องสมุดวิทยาเขตนครสวรรค์
►ส่วนจัดเก็บหนังสือเก่า นว.
บนชั้น
  ขอยืม
2. วิทยาศาสตร์การแพทย์ และสุขภาพ
วิทยาศาสตร์การแพทย์ และสุขภาพ
สถานะ=หนังสือเก่า
WS280 พ791 ฉ.2 
  Barcode: 23647
ห้องสมุดวิทยาเขตนครสวรรค์
►ส่วนจัดเก็บหนังสือเก่า นว.
บนชั้น
  ขอยืม

BibComment


ยังไม่เคยถูกคอมเมนท์

คอมเมนท์ทรัพยากรรายการนี้
  คอมเมนท์: Pediatric Critic..


 Copyright 2026. Bcnsprnw @Library